[路線図付き] 京王電鉄 京王本線(京王新線) 駅名穴埋めクイズ - Statistics

General Stats
  • This quiz has been taken 1,231 times
  • The average score is 26 of 34
Answers on the Map
Answers color-coded by a green-red scale on the quiz's map according to % correct below.
 
Answer Stats
Answer % Correct
京王本線 KO01 新宿
99%
京王本線 KO06 明大前
95%
京王本線 KO18 調布
92%
京王本線 KO04 笹塚
91%
京王本線 KO34 京王八王子
91%
京王本線 KO24 府中
90%
京王本線 KO02 初台
87%
京王本線 KO07 下高井戸
86%
京王本線 KO25 分倍河原
86%
京王本線 KO12 千歳烏山
85%
京王本線 KO33 北野
84%
京王本線 KO27 聖蹟桜ヶ丘
83%
京王本線 KO03 幡ヶ谷
82%
京王本線 KO29 高幡不動
82%
京王本線 KO23 東府中
81%
京王本線 KO08 桜上水
80%
京王本線 KO16 国領
77%
京王本線 KO05 代田橋
75%
京王本線 KO13 仙川
74%
京王本線 KO14 つつじヶ丘
74%
京王本線 KO17 布田
74%
京王本線 KO19 西調布
74%
京王本線 KO20 飛田給
73%
京王本線 KO11 芦花公園
71%
京王本線 KO09 上北沢
70%
京王本線 KO10 八幡山
69%
京王本線 KO22 多磨霊園
66%
京王本線 KO15 柴崎
65%
京王本線 KO28 百草園
64%
京王本線 KO26 中河原
61%
京王本線 KO31 平山城址公園
59%
京王本線 KO21 武蔵野台
58%
京王本線 KO30 南平
51%
京王本線 KO32 長沼
50%
No matching quizzes found
Score Distribution
Percent of People with Each Score
Percentile by Number Answered
Your Score History
You have not taken this quiz